000 nam a22 7a 4500
999 _c29724
_d29724
008 180524b xxu||||| |||| 00| 0 eng d
050 _aPQ 6066 .R68 0000
245 _aRoutine cards /
300 _aVarious paging. :
_bill. ;
_c27cm.
500 _aInclude index.
650 _aCard games
_xliterature.
942 _2lcc
_cBOOKS
_hPQ 6066 .R68 0000